Who supported who in the Nigerian Civil War? - Statistics

General Stats
  • This quiz has been taken 29 times
  • The average score is 10 of 16
Answer Stats
Nigeria Biafra Country % Correct
Europe France
96%
Europe United Kingdom
96%
Europe Soviet Union
92%
Asia China
88%
Africa South Africa
75%
Europe East Germany
71%
Africa Egypt
63%
Asia Israel (post-1968)
63%
Asia Israel (pre-1968)
63%
Africa Ethiopia
50%
Europe Portugal
50%
Africa Tanzania
42%
Africa Zambia
42%
Africa Gabon
38%
North America Haiti
33%
Africa Ivory Coast
21%
No matching quizzes found
Score Distribution
Percent of People with Each Score
Percentile by Number Answered
Your Score History
You have not taken this quiz